<?xml version="1.0" encoding="UTF-8"?>
<record
    xmlns:xsi="http://www.w3.org/2001/XMLSchema-instance"
    xsi:schemaLocation="http://www.loc.gov/MARC21/slim http://www.loc.gov/standards/marcxml/schema/MARC21slim.xsd"
    xmlns="http://www.loc.gov/MARC21/slim">

  <leader>01320nam a22002297a 4500</leader>
  <controlfield tag="005">20240801112726.0</controlfield>
  <datafield tag="010" ind1=" " ind2=" ">
    <subfield code="a">HIN-128038</subfield>
  </datafield>
  <datafield tag="020" ind1=" " ind2=" ">
    <subfield code="c">535.00</subfield>
    <subfield code="a">9788123791135</subfield>
  </datafield>
  <datafield tag="035" ind1=" " ind2=" ">
    <subfield code="a">HN-100384</subfield>
  </datafield>
  <datafield tag="037" ind1=" " ind2=" ">
    <subfield code="b">DBAD</subfield>
  </datafield>
  <datafield tag="082" ind1=" " ind2=" ">
    <subfield code="a">&#x915;</subfield>
  </datafield>
  <datafield tag="100" ind1=" " ind2=" ">
    <subfield code="a">&#x924;&#x94B;&#x924;&#x94D;&#x91C;&#x926;&#x93E;, &#x938;&#x93F;&#x938;&#x93F;&#x932;&#x93F;&#x92F;&#x93E; </subfield>
    <subfield code="9">69147</subfield>
  </datafield>
  <datafield tag="245" ind1=" " ind2=" ">
    <subfield code="a">&#x938;&#x93F;&#x902;&#x917;&#x93E;&#x92A;&#x941;&#x930; &#x915;&#x940; &#x91C;&#x932;-&#x915;&#x925;&#x93E;:</subfield>
    <subfield code="c">&#x90F;&#x915; &#x936;&#x939;&#x930;&#x940; &#x928;&#x917;&#x930;-&#x930;&#x93E;&#x91C;&#x94D;&#x92F; &#x92E;&#x947;&#x902; &#x927;&#x93E;&#x930;&#x923;&#x940;&#x92F; &#x935;&#x93F;&#x915;&#x93E;&#x938;/</subfield>
    <subfield code="b">&#x938;&#x93F;&#x938;&#x93F;&#x932;&#x93F;&#x92F;&#x93E; &#x924;&#x94B;&#x924;&#x94D;&#x91C;&#x926;&#x93E;, &#x92F;&#x941;&#x917;&#x932; &#x91C;&#x94B;&#x936;&#x940; &#x924;&#x925;&#x93E; &#x905;&#x938;&#x93F;&#x924; &#x915;&#x947;. &#x92C;&#x93F;&#x938;&#x94D;&#x935;&#x93E;&#x938;; &#x930;&#x91C;&#x928;&#x940;&#x936; &#x915;&#x941;&#x92E;&#x93E;&#x930; &#x938;&#x93F;&#x928;&#x94D;&#x939;&#x93E; &#x926;&#x94D;&#x935;&#x93E;&#x930;&#x93E; &#x905;&#x928;&#x941;&#x935;&#x93E;&#x926;&#x93F;&#x924; </subfield>
  </datafield>
  <datafield tag="246" ind1=" " ind2=" ">
    <subfield code="a">The Singapore Water Story</subfield>
  </datafield>
  <datafield tag="260" ind1=" " ind2=" ">
    <subfield code="a">&#x928;&#x908; &#x926;&#x93F;&#x932;&#x94D;&#x932;&#x940;</subfield>
    <subfield code="b">&#x930;&#x93E;&#x937;&#x94D;&#x91F;&#x94D;&#x930;&#x940;&#x92F; &#x92A;&#x941;&#x938;&#x94D;&#x924;&#x915; &#x928;&#x94D;&#x92F;&#x93E;&#x938; </subfield>
    <subfield code="c">2020</subfield>
  </datafield>
  <datafield tag="270" ind1=" " ind2=" ">
    <subfield code="a">&#x928;&#x947;&#x939;&#x930;&#x941; &#x92D;&#x935;&#x928;, 5 &#x907;&#x902;&#x938;&#x94D;&#x91F;&#x93F;&#x91F;&#x92F;&#x942;&#x936;&#x928;&#x932; &#x90F;&#x930;&#x93F;&#x92F;&#x93E;, &#x92B;&#x947;&#x91C;-2, &#x935;&#x938;&#x902;&#x924; &#x915;&#x941;&#x902;&#x91C; </subfield>
    <subfield code="b">&#x928;&#x908; &#x926;&#x93F;&#x932;&#x94D;&#x932;&#x940;</subfield>
    <subfield code="e">110070</subfield>
  </datafield>
  <datafield tag="300" ind1=" " ind2=" ">
    <subfield code="a">330&#x92A;&#x943;.</subfield>
    <subfield code="c">23 &#x938;&#x947;&#x92E;&#x940;. (&#x905;&#x91C;&#x93F;&#x932;&#x94D;&#x926;)</subfield>
  </datafield>
  <datafield tag="700" ind1=" " ind2=" ">
    <subfield code="a">&#x91C;&#x94B;&#x936;&#x940;, &#x92F;&#x941;&#x917;&#x932;</subfield>
    <subfield code="9">69148</subfield>
  </datafield>
  <datafield tag="700" ind1=" " ind2=" ">
    <subfield code="a">&#x92C;&#x93F;&#x938;&#x94D;&#x935;&#x93E;&#x938;, &#x905;&#x938;&#x93F;&#x924; &#x915;&#x947;.</subfield>
    <subfield code="9">69149</subfield>
  </datafield>
  <datafield tag="700" ind1=" " ind2=" ">
    <subfield code="a">&#x938;&#x93F;&#x928;&#x94D;&#x939;&#x93E;, &#x930;&#x91C;&#x928;&#x940;&#x936; &#x915;&#x941;&#x92E;&#x93E;&#x930; </subfield>
    <subfield code="9">69150</subfield>
  </datafield>
  <datafield tag="942" ind1=" " ind2=" ">
    <subfield code="2">ddc</subfield>
    <subfield code="c">HN</subfield>
    <subfield code="h">&#x915; </subfield>
    <subfield code="m">&#x924;&#x94B;&#x924;&#x94D;&#x91C;&#x926;&#x93E;</subfield>
  </datafield>
  <datafield tag="999" ind1=" " ind2=" ">
    <subfield code="c">204669</subfield>
    <subfield code="d">204669</subfield>
  </datafield>
  <datafield tag="952" ind1=" " ind2=" ">
    <subfield code="0">0</subfield>
    <subfield code="1">0</subfield>
    <subfield code="4">0</subfield>
    <subfield code="7">0</subfield>
    <subfield code="8">FIC</subfield>
    <subfield code="a">BL1</subfield>
    <subfield code="b">BL1</subfield>
    <subfield code="d">2024-08-01</subfield>
    <subfield code="e">DBAD</subfield>
    <subfield code="g">535.00</subfield>
    <subfield code="l">0</subfield>
    <subfield code="o">&#x915; &#x924;&#x94B;&#x924;&#x94D;&#x91C;&#x926;&#x93E;</subfield>
    <subfield code="p">HN-100384</subfield>
    <subfield code="r">2024-08-01 00:00:00</subfield>
    <subfield code="t">1</subfield>
    <subfield code="v">535.00</subfield>
    <subfield code="w">2024-08-01</subfield>
    <subfield code="y">HN</subfield>
  </datafield>
</record>
